[Event "Olimpiada Dresden 2008 Femenina"]
[Site "Dresden GER"]
[Date "2008.11.16"]
[Round "4.11"]
[White "Han Wong, Irene Estefania"]
[Black "Pham, Le Thao Nguyen"]
[Result "1/2-1/2"]
[WhiteElo "2098"]
[BlackElo "2304"]
[PlyCount "166"]
[EventDate "2008.11.13"]
[EventType "team-tourn"]
[EventRounds "11"]
[EventCountry "GER"]
[Source "lmi"]
[SourceDate "2008.11.13"]
[WhiteTeam "Venezuela"]
[BlackTeam "Vietnam"]
[WhiteTeamCountry "VEN"]
[BlackTeamCountry "VIE"]

1. d4 d5 2. c4 c6 3. Nf3 Nf6 4. Nc3 a6 5. c5 Nbd7 6. Bf4 Nh5 7. Bd2 e5 8. dxe5
Nxc5 9. Be3 Ne6 10. Qd2 f5 11. exf6 Nxf6 12. Rd1 Bb4 13. a3 Ne4 14. Qc1 Nxc3
15. bxc3 Ba5 16. g3 O-O 17. Bg2 Qf6 18. Rd3 Bd7 19. O-O b5 20. Ng5 Rae8 21.
Nxe6 Bxe6 22. Bd4 Qg6 23. Bc5 Rf7 24. Re3 Bd8 25. h4 Bc7 26. Qd2 Rd7 27. Qd4
Bf5 28. Rxe8+ Qxe8 29. Bf3 Qf7 30. a4 h6 31. Ra1 Kh7 32. axb5 axb5 33. Ra6 Qe6
34. Qe3 Be4 35. Ra7 Qf5 36. Kg2 Rf7 37. Ra6 Bxf3+ 38. exf3 Rf6 39. Ra7 Bb8 40.
Rb7 Re6 41. Qd2 Be5 42. Bd4 Bxd4 43. Qxd4 Rf6 44. Qe3 Rf7 45. Rb6 Qf6 46. Rb8
Re7 47. Qd3+ g6 48. h5 Rg7 49. Rb6 Rc7 50. f4 Kg7 51. hxg6 Qxg6 52. Qxg6+ Kxg6
53. g4 Kf6 54. Kf3 Ke6 55. Ke3 Kd6 56. Rb8 Re7+ 57. Kd3 Rf7 58. Ke3 Kc5 59. Rc8
Re7+ 60. Kd3 Re4 61. g5 Rxf4 62. gxh6 Rh4 63. Rh8 Rh3+ 64. Kd2 Kc4 65. h7 c5
66. f4 Rh2+ 67. Ke1 Kxc3 68. Rc8 Rxh7 69. Rxc5+ Kd4 70. Rxb5 Ke3 71. Kd1 d4 72.
Re5+ Kd3 73. f5 Ra7 74. Ke1 Ra1+ 75. Kf2 Ra6 76. Re6 Ra5 77. f6 Rf5+ 78. Ke1
Rf4 79. Ra6 Ke4 80. Kd2 Ke5 81. Kd3 Rf3+ 82. Ke2 Rxf6 83. Rxf6 Kxf6 1/2-1/2

[Event "Olimpiada Dresden 2008 Femenina"]
[Site "Dresden GER"]
[Date "2008.11.16"]
[Round "4.11"]
[White "Le, Kieu Thien Kim"]
[Black "Hernandez, Zaida"]
[Result "1-0"]
[WhiteElo "2291"]
[BlackElo "2039"]
[PlyCount "98"]
[EventDate "2008.11.13"]
[EventType "team-tourn"]
[EventRounds "11"]
[EventCountry "GER"]
[Source "lmi"]
[SourceDate "2008.11.13"]
[WhiteTeam "Vietnam"]
[BlackTeam "Venezuela"]
[WhiteTeamCountry "VIE"]
[BlackTeamCountry "VEN"]

1. e4 c5 2. Nf3 d6 3. Bb5+ Nd7 4. d4 cxd4 5. Qxd4 e5 6. Qd3 h6 7. Nc3 Ngf6 8.
Nd2 a6 9. Bxd7+ Bxd7 10. Nc4 Be6 11. Be3 Rc8 12. Nb6 Rc6 13. Nbd5 Be7 14. O-O
O-O 15. a4 Bxd5 16. Nxd5 Nxd5 17. exd5 Rc8 18. c4 Bg5 19. Rac1 Bxe3 20. Qxe3
Qc7 21. f4 exf4 22. Rxf4 Rfe8 23. Qf2 Re5 24. Rf1 f6 25. Qd4 Rce8 26. b3 a5 27.
h3 b6 28. Rg4 Rg5 29. h4 Rxg4 30. Qxg4 Qd8 31. Rf3 Re1+ 32. Rf1 Re5 33. Rf3 h5
34. Qd4 Qc7 35. Qf4 Kf7 36. Kh2 Qc8 37. Qd4 Qc5 38. Qd3 g6 39. Rg3 f5 40. Qd2
Qc8 41. Qh6 Qg8 42. Qf4 Qd8 43. Rh3 Kg7 44. Qd4 Kh7 45. Qf2 Re4 46. Kg1 Qf6 47.
Qxb6 Qa1+ 48. Kf2 Qe1+ 49. Kf3 Qe2+ 1-0

[Event "Olimpiada Dresden 2008 Femenina"]
[Site "Dresden GER"]
[Date "2008.11.16"]
[Round "4.11"]
[White "Otazo, Annyd"]
[Black "Dang, Bich Ngoc"]
[Result "1/2-1/2"]
[WhiteElo "1942"]
[BlackElo "2186"]
[PlyCount "92"]
[EventDate "2008.11.13"]
[EventType "team-tourn"]
[EventRounds "11"]
[EventCountry "GER"]
[Source "lmi"]
[SourceDate "2008.11.13"]
[WhiteTeam "Venezuela"]
[BlackTeam "Vietnam"]
[WhiteTeamCountry "VEN"]
[BlackTeamCountry "VIE"]

1. e4 c5 2. Nf3 Nc6 3. d4 cxd4 4. Nxd4 Nf6 5. Nc3 e5 6. Ndb5 d6 7. Bg5 a6 8.
Na3 b5 9. Nd5 Be7 10. Bxf6 Bxf6 11. c3 Rb8 12. Nc2 Bg5 13. Bd3 O-O 14. O-O Be6
15. a4 bxa4 16. Ndb4 Nxb4 17. Nxb4 Bb3 18. Bc2 Bc4 19. Bd3 Bb3 20. Qg4 Rb6 21.
Bxa6 g6 22. Qe2 Qc7 23. Bd3 Kh8 24. Ra3 Qc5 25. Qg4 Bh6 26. Bb1 Bc4 27. Re1
Rxb4 28. cxb4 Qxb4 29. Qd1 Bb3 30. Qe2 Bd2 31. Rf1 Qd4 32. Rxb3 axb3 33. Rd1
Rc8 34. Bd3 Bh6 35. Ba6 Rc1 36. Rxc1 Bxc1 37. Bc4 Kg7 38. Bxb3 Bxb2 39. g3 Ba3
40. Qf3 Qa7 41. Bxf7 Qxf7 42. Qxa3 Qb7 43. Qd3 Qc6 44. h4 h5 45. Qf3 Qd7 46.
Qb3 Qc6 1/2-1/2

[Event "Olimpiada Dresden 2008 Femenina"]
[Site "Dresden GER"]
[Date "2008.11.16"]
[Round "4.12"]
[White "Borsuk, Angela"]
[Black "Dengler, Dijana"]
[Result "0-1"]
[WhiteElo "2398"]
[BlackElo "2099"]
[PlyCount "142"]
[EventDate "2008.11.13"]
[EventType "team-tourn"]
[EventRounds "11"]
[EventCountry "GER"]
[Source "lmi"]
[SourceDate "2008.11.13"]
[WhiteTeam "Israel"]
[BlackTeam "Bosnia Herzegovina"]
[WhiteTeamCountry "ISR"]
[BlackTeamCountry "BIH"]

1. d4 d5 2. c4 c6 3. Nf3 Nf6 4. Nc3 a6 5. e3 e6 6. c5 Nbd7 7. b4 g6 8. Bd3 Bg7
9. O-O O-O 10. Na4 Re8 11. Bb2 e5 12. dxe5 Ng4 13. e6 fxe6 14. Bxg7 Kxg7 15. e4
e5 16. Re1 Ngf6 17. Bc2 Rb8 18. Qd2 Qc7 19. h3 b5 20. cxb6 Nxb6 21. Rac1 dxe4
22. Ng5 Rd8 23. Qe2 Nbd5 24. Bxe4 Rxb4 25. Nc5 Qe7 26. Bf3 e4 27. Ngxe4 Nf4 28.
Qc2 Nxe4 29. Rxe4 Rxe4 30. Nxe4 Bf5 31. Qc3+ Kf7 32. Qe3 Nd5 33. Ng5+ Kg7 34.
Qxe7+ Nxe7 35. Re1 Rd7 36. g4 h6 37. Ne4 Bxe4 38. Rxe4 a5 39. h4 Kf6 40. Rc4
Rd2 41. Ra4 Nd5 42. Rxa5 Nb4 43. a3 Nd3 44. g5+ hxg5 45. hxg5+ Ke6 46. Bxc6
Nxf2 47. Bg2 Nd3 48. Rb5 Nf4 49. Bf1 Ne2+ 50. Bxe2 Rxe2 51. a4 Ra2 52. a5 Kd6
53. Kf1 Kc6 54. Re5 Kd6 55. Rb5 Kc6 56. Rb6+ Kd5 57. a6 Ke4 58. Rf6 Ra5 59.
Rxg6 Kf5 60. Rb6 Kxg5 61. Ke2 Ra3 62. Kd2 Kf5 63. Kc2 Ke5 64. Kb2 Ra5 65. Rh6
Kd4 66. Kb3 Ra1 67. Kb2 Ra5 68. Kb3 Ra1 69. Kb4 Rb1+ 70. Ka5 Kc5 71. Rh5+ Kd4
0-1

[Event "Olimpiada Dresden 2008 Femenina"]
[Site "Dresden GER"]
[Date "2008.11.16"]
[Round "4.12"]
[White "Dedijer, Mira"]
[Black "Igla, Bella"]
[Result "0-1"]
[WhiteElo "1999"]
[BlackElo "2254"]
[PlyCount "161"]
[EventDate "2008.11.13"]
[EventType "team-tourn"]
[EventRounds "11"]
[EventCountry "GER"]
[Source "lmi"]
[SourceDate "2008.11.13"]
[WhiteTeam "Bosnia Herzegovina"]
[BlackTeam "Israel"]
[WhiteTeamCountry "BIH"]
[BlackTeamCountry "ISR"]

1. d4 Nf6 2. Bg5 e6 3. e4 h6 4. Bxf6 Qxf6 5. Nc3 Bb4 6. Qd2 d6 7. a3 Ba5 8. Nf3
Nd7 9. Bc4 c6 10. O-O O-O 11. Rad1 b5 12. Bd3 a6 13. Nd5 Bxd2 14. Nxf6+ gxf6
15. Nxd2 d5 16. f4 Bb7 17. b4 a5 18. e5 axb4 19. axb4 Ra4 20. Rb1 f5 21. Kf2 f6
22. Rg1 Kf7 23. g4 fxg4 24. Rxg4 f5 25. Rh4 Rh8 26. Rh3 Nb6 27. Be2 Ra2 28. Bd1
Bc8 29. Nb3 Nc4 30. Nc1 Ra7 31. Bh5+ Kf8 32. Nb3 Ra2 33. Bd1 Nb2 34. Rc3 Bd7
35. Ke1 Rg8 36. Rg3 Nc4 37. Rxg8+ Kxg8 38. Ke2 Be8 39. Kd3 Ra7 40. Na5 c5 41.
dxc5 Nxa5 42. bxa5 Rxa5 43. c3 Ra2 44. Be2 Kf8 45. Ke3 Ra3 46. Kd2 Ra2+ 47. Ke3
Ra3 48. Kd2 Ra4 49. Rb4 Ra5 50. Rb1 Ke7 51. Ke3 Ra3 52. Kd4 Ra4+ 53. Rb4 Ra5
54. Rb1 Kd8 55. Rb4 Kc7 56. Rb1 Kc6 57. Rb2 Bd7 58. Rb1 Bc8 59. Bh5 Kd7 60. Be2
Kc6 61. Bh5 Kd7 62. Be2 Ba6 63. Rb2 Kc6 64. Bh5 Bc8 65. Be2 Bd7 66. Rb4 Kc7 67.
Rb2 Bc6 68. Rb4 Ra2 69. Bxb5 Rd2+ 70. Bd3 Rxh2 71. Rb1 Rf2 72. Ke3 Rg2 73. Rh1
Rg3+ 74. Kd4 Rg6 75. Rh5 Bd7 76. c4 dxc4 77. Bxc4 Rg4 78. Ke3 Rg6 79. Kd4 Rg4
80. Ke3 Rg6 81. Kd4 0-1

[Event "Olimpiada Dresden 2008 Femenina"]
[Site "Dresden GER"]
[Date "2008.11.16"]
[Round "4.12"]
[White "Efroimski, Marsel"]
[Black "Malokas, Nermina"]
[Result "1-0"]
[WhiteElo "2052"]
[BlackElo "1906"]
[PlyCount "91"]
[EventDate "2008.11.13"]
[EventType "team-tourn"]
[EventRounds "11"]
[EventCountry "GER"]
[Source "lmi"]
[SourceDate "2008.11.13"]
[WhiteTeam "Israel"]
[BlackTeam "Bosnia Herzegovina"]
[WhiteTeamCountry "ISR"]
[BlackTeamCountry "BIH"]

1. e4 e5 2. Nf3 Nc6 3. d4 exd4 4. Nxd4 Bc5 5. Nb3 Bb6 6. a4 a6 7. Nc3 Nf6 8.
Be2 d6 9. O-O h6 10. Kh1 O-O 11. f4 Re8 12. Bf3 Be6 13. a5 Ba7 14. Ra4 Qd7 15.
h3 Rad8 16. Kh2 Bxb3 17. cxb3 Bc5 18. Qd3 Re7 19. Bd2 Ree8 20. Rc1 Ne7 21. b4
Ba7 22. b5 axb5 23. Nxb5 Bb8 24. a6 bxa6 25. Rxa6 c6 26. Nd4 c5 27. Ne2 Qc8 28.
Ra3 Ng6 29. g3 h5 30. Kg2 h4 31. g4 d5 32. e5 c4 33. Qf5 Qb7 34. b3 Ne4 35. Ba5
Bc7 36. Bxc7 Qxc7 37. bxc4 Qc5 38. cxd5 Qf2+ 39. Kh1 Ng3+ 40. Nxg3 hxg3 41. Qc2
Qxc2 42. Rxc2 Nxf4 43. Bg2 Rxe5 44. Rxg3 Nxg2 45. Kxg2 Rexd5 46. Rf2 1-0

[Event "Olimpiada Dresden 2008 Femenina"]
[Site "Dresden GER"]
[Date "2008.11.16"]
[Round "4.13"]
[White "Muzychuk, Anna"]
[Black "Mencos, Claudia"]
[Result "1-0"]
[WhiteElo "2508"]
[BlackElo "1914"]
[PlyCount "120"]
[EventDate "2008.11.13"]
[EventType "team-tourn"]
[EventRounds "11"]
[EventCountry "GER"]
[Source "lmi"]
[SourceDate "2008.11.13"]
[WhiteTeam "Eslovenia"]
[BlackTeam "Guatemala"]
[WhiteTeamCountry "SLO"]
[BlackTeamCountry "GUA"]

1. Nf3 d5 2. d4 c6 3. c4 Nf6 4. Qb3 dxc4 5. Qxc4 Bf5 6. g3 e6 7. Bg2 Nbd7 8.
Nc3 Be7 9. O-O O-O 10. Re1 Bg6 11. e4 b5 12. Qxc6 b4 13. e5 Rc8 14. Qa6 bxc3
15. exf6 Nxf6 16. bxc3 Rxc3 17. Qxa7 Be4 18. Bb2 Rc7 19. Qb6 Rc2 20. Qb3 Qd5
21. Ba3 Bxa3 22. Qxa3 Ng4 23. Qb3 Rxf2 24. Qxd5 Bxd5 25. Nh4 Rxa2 26. Bxd5 Rxa1
27. Rxa1 exd5 28. Nf5 g6 29. Ne7+ Kg7 30. Nxd5 Rd8 31. Ra5 Nh6 32. Nc7 Rxd4 33.
Ne8+ Kf8 34. Nf6 Kg7 35. Ne8+ Kf8 36. Nf6 Rd1+ 37. Kg2 Kg7 38. Ne8+ Kf8 39. Nf6
Rd2+ 40. Kg1 Nf5 41. Nxh7+ Kg7 42. Ng5 Ne3 43. Ra3 Rg2+ 44. Kh1 Re2 45. Nf3 g5
46. Rd3 g4 47. Ng1 Re1 48. Rd2 Ra1 49. Re2 Ra3 50. Re1 Kf6 51. Ne2 Ke5 52. Nf4
Kd4 53. Kg1 Nc4 54. Rd1+ Ke4 55. Re1+ Kf5 56. Ng2 Ne5 57. Nh4+ Kf6 58. Re2 Ra5
59. Kg2 Kg5 60. Rf2 Ng6 1-0

[Event "Olimpiada Dresden 2008 Femenina"]
[Site "Dresden GER"]
[Date "2008.11.16"]
[Round "4.13"]
[White "Castillo, Dina"]
[Black "Krivec, Jana"]
[Result "1/2-1/2"]
[WhiteElo "2041"]
[BlackElo "2345"]
[PlyCount "89"]
[EventDate "2008.11.13"]
[EventType "team-tourn"]
[EventRounds "11"]
[EventCountry "GER"]
[Source "lmi"]
[SourceDate "2008.11.13"]
[WhiteTeam "Guatemala"]
[BlackTeam "Eslovenia"]
[WhiteTeamCountry "GUA"]
[BlackTeamCountry "SLO"]

1. e4 e5 2. Bc4 Nf6 3. Qe2 d6 4. c3 Nc6 5. Bb3 Be7 6. d3 O-O 7. Nf3 Be6 8. Bc2
d5 9. O-O Nd7 10. Nbd2 f5 11. Re1 dxe4 12. dxe4 f4 13. Bb3 Bxb3 14. Nxb3 g5 15.
h3 h5 16. Rd1 Qe8 17. Qc4+ Kg7 18. Nh2 Nf6 19. f3 Qg6 20. Qe2 Rh8 21. Bd2 g4
22. fxg4 hxg4 23. Nxg4 Nxg4 24. Qxg4 Qxg4 25. hxg4 Rh4 26. Kf2 Rxg4 27. Rh1
Bh4+ 28. Kf1 Rf8 29. Be1 Bxe1 30. Rxe1 f3 31. gxf3 Rxf3+ 32. Ke2 Rff4 33. Nc5
Rg2+ 34. Kd3 Nd8 35. Rh5 Rf3+ 36. Re3 Rxe3+ 37. Kxe3 Rxb2 38. Rxe5 b6 39. Re8
Nc6 40. Rc8 Ne5 41. Rxc7+ Kf6 42. Nd7+ Nxd7 43. Rxd7 Rxa2 44. Rh7 Ke6 45. Kd4
1/2-1/2

[Event "Olimpiada Dresden 2008 Femenina"]
[Site "Dresden GER"]
[Date "2008.11.16"]
[Round "4.13"]
[White "Srebrnic, Ana"]
[Black "Mazariegos, Silvia Carolina"]
[Result "1-0"]
[WhiteElo "2290"]
[BlackElo "1962"]
[PlyCount "73"]
[EventDate "2008.11.13"]
[EventType "team-tourn"]
[EventRounds "11"]
[EventCountry "GER"]
[Source "lmi"]
[SourceDate "2008.11.13"]
[WhiteTeam "Eslovenia"]
[BlackTeam "Guatemala"]
[WhiteTeamCountry "SLO"]
[BlackTeamCountry "GUA"]

1. Nf3 Nf6 2. c4 d6 3. d4 g6 4. Nc3 Bg7 5. e4 O-O 6. Be2 Nc6 7. d5 Ne5 8. Nxe5
dxe5 9. O-O e6 10. Be3 Qe7 11. Qb3 a6 12. Rfd1 Ne8 13. f3 b6 14. a4 a5 15. c5
Rb8 16. Qa3 f5 17. d6 cxd6 18. cxd6 Qb7 19. Rac1 Bd7 20. Qb3 f4 21. Bf2 g5 22.
Nb5 Rc8 23. Rxc8 Bxc8 24. Bc4 Rf6 25. Qd3 Rf7 26. Nc7 Nxc7 27. dxc7 Rxc7 28.
Qd8+ Kf7 29. Bb5 Bf6 30. Be8+ Kg7 31. Qd6 Rc2 32. Bb5 g4 33. Bxb6 gxf3 34. gxf3
Qf7 35. Kh1 Qh5 36. Rg1+ Kf7 37. Be8+ 1-0

[Event "Olimpiada Dresden 2008 Femenina"]
[Site "Dresden GER"]
[Date "2008.11.16"]
[Round "4.13"]
[White "Figueroa, Julissa"]
[Black "Novak, Ksenija"]
[Result "0-1"]
[WhiteElo "1761"]
[BlackElo "2163"]
[PlyCount "90"]
[EventDate "2008.11.13"]
[EventType "team-tourn"]
[EventRounds "11"]
[EventCountry "GER"]
[Source "lmi"]
[SourceDate "2008.11.13"]
[WhiteTeam "Guatemala"]
[BlackTeam "Eslovenia"]
[WhiteTeamCountry "GUA"]
[BlackTeamCountry "SLO"]

1. e4 c5 2. Nf3 Nc6 3. d4 cxd4 4. Nxd4 Nf6 5. Nc3 e5 6. Ndb5 d6 7. Bg5 a6 8.
Na3 b5 9. Nd5 Be7 10. Bxf6 Bxf6 11. c3 Ne7 12. Nc2 Nxd5 13. Qxd5 Rb8 14. Qc6+
Qd7 15. Qxd7+ Kxd7 16. O-O-O Bb7 17. f3 Bg5+ 18. Kb1 Rhc8 19. Be2 Ke7 20. Nb4
Rc5 21. Nd3 Rc7 22. Nb4 a5 23. Nd5+ Bxd5 24. Rxd5 b4 25. c4 a4 26. Rhd1 b3 27.
a3 Be3 28. Ra5 Ra7 29. Rdd5 Rba8 30. Rxa7+ Rxa7 31. Rb5 Kf6 32. Rb8 g6 33. Rh8
h6 34. Rd8 Bc5 35. g3 Ke7 36. Rb8 Bg1 37. h3 h5 38. g4 h4 39. Rb5 Kf6 40. Rd5
Bc5 41. Rd2 Kg5 42. Bf1 Kf4 43. Bg2 Bd4 44. Re2 Rc7 45. Bh1 Rxc4 0-1

[Event "Olimpiada Dresden 2008 Femenina"]
[Site "Dresden GER"]
[Date "2008.11.16"]
[Round "4.14"]
[White "Repkova, Eva"]
[Black "Berend, Elvira"]
[Result "1/2-1/2"]
[WhiteElo "2400"]
[BlackElo "2328"]
[PlyCount "114"]
[EventDate "2008.11.13"]
[EventType "team-tourn"]
[EventRounds "11"]
[EventCountry "GER"]
[Source "lmi"]
[SourceDate "2008.11.13"]
[WhiteTeam "Eslovaquia"]
[BlackTeam "Luxemburgo"]
[WhiteTeamCountry "SVK"]
[BlackTeamCountry "LUX"]

1. e4 c5 2. Nf3 Nc6 3. Nc3 Nf6 4. g3 g6 5. Bg2 Bg7 6. O-O O-O 7. d3 Rb8 8. Nd5
b5 9. Nxf6+ Bxf6 10. c3 d6 11. h3 b4 12. d4 Qa5 13. Be3 bxc3 14. bxc3 Ba6 15.
Re1 Qxc3 16. Rc1 Qa3 17. e5 Bg7 18. exd6 exd6 19. dxc5 Nb4 20. cxd6 Nd3 21.
Bxa7 Rbd8 22. Bb6 Nxc1 23. Bxd8 Ne2+ 24. Rxe2 Bxe2 25. Qxe2 Rxd8 26. d7 Qa4 27.
Ne5 Bxe5 28. Qxe5 Qxd7 29. Bf1 Qd4 30. Qxd4 Rxd4 31. Bb5 g5 32. g4 Rb4 33. a4
Kg7 34. Kg2 Kf6 35. Kg3 Ke5 36. Kg2 f6 37. Kg3 h6 38. Kg2 Rb3 39. Bc4 Ra3 40.
Bb5 Kd4 41. Kh2 Kc3 42. h4 Kd2 43. hxg5 hxg5 44. Kg2 Ke1 45. f3 Ra1 46. f4 Ra3
47. fxg5 fxg5 48. Bc6 Ke2 49. Bb5+ Ke3 50. Kg3 Ra1 51. Kg2 Kf4 52. Bd7 Rd1 53.
Bc8 Rd8 54. Be6 Ra8 55. Bd7 Ra7 56. Bc6 Kxg4 57. Kf2 Kh3 1/2-1/2

[Event "Olimpiada Dresden 2008 Femenina"]
[Site "Dresden GER"]
[Date "2008.11.16"]
[Round "4.14"]
[White "Wagener, Anna"]
[Black "Hagarova, Zuzana"]
[Result "0-1"]
[WhiteElo "2246"]
[BlackElo "2430"]
[PlyCount "86"]
[EventDate "2008.11.13"]
[EventType "team-tourn"]
[EventRounds "11"]
[EventCountry "GER"]
[Source "lmi"]
[SourceDate "2008.11.13"]
[WhiteTeam "Luxemburgo"]
[BlackTeam "Eslovaquia"]
[WhiteTeamCountry "LUX"]
[BlackTeamCountry "SVK"]

1. e4 c5 2. Nf3 Nc6 3. d4 cxd4 4. Nxd4 Nf6 5. Nc3 e5 6. Ndb5 d6 7. Bg5 a6 8.
Na3 b5 9. Nd5 Be7 10. Nxe7 Nxe7 11. Bd3 Ng6 12. c4 h6 13. Be3 O-O 14. O-O Ng4
15. cxb5 Qh4 16. h3 Nxe3 17. fxe3 Qg5 18. Kh1 Qxe3 19. Nc4 Qc5 20. bxa6 Nf4 21.
Rc1 Bxa6 22. b3 Bb7 23. Bb1 Rad8 24. Qe1 Ba6 25. Ne3 Qa7 26. Rxf4 exf4 27. Nd5
Rc8 28. Rd1 Rfe8 29. Nxf4 Qe7 30. Nd5 Qg5 31. Qe3 Qe5 32. a4 Bb7 33. Qd2 Bxd5
34. exd5 Qc3 35. Bf5 Qxd2 36. Rxd2 Rc1+ 37. Kh2 g6 38. Bd3 Re3 39. Bc4 Ra1 40.
Re2 Rc3 41. Re8+ Kg7 42. Rd8 h5 43. Rxd6 h4 0-1

[Event "Olimpiada Dresden 2008 Femenina"]
[Site "Dresden GER"]
[Date "2008.11.16"]
[Round "4.14"]
[White "Pokorna, Regina"]
[Black "Steil-Antoni, Fiona"]
[Result "1-0"]
[WhiteElo "2376"]
[BlackElo "2166"]
[PlyCount "121"]
[EventDate "2008.11.13"]
[EventType "team-tourn"]
[EventRounds "11"]
[EventCountry "GER"]
[Source "lmi"]
[SourceDate "2008.11.13"]
[WhiteTeam "Eslovaquia"]
[BlackTeam "Luxemburgo"]
[WhiteTeamCountry "SVK"]
[BlackTeamCountry "LUX"]

1. e4 c6 2. d4 d5 3. Nc3 dxe4 4. Nxe4 Bf5 5. Ng3 Bg6 6. h4 h6 7. h5 Bh7 8. Nf3
e6 9. Bd3 Bxd3 10. Qxd3 Nf6 11. Bd2 Be7 12. O-O-O O-O 13. Kb1 Nbd7 14. Ne4 Nxe4
15. Qxe4 Nf6 16. Qe2 Qd5 17. Ne5 Qe4 18. Qc4 Rad8 19. Bc1 Nd7 20. Nxd7 Rxd7 21.
f3 Qf5 22. Rd3 Rfd8 23. g4 Qf6 24. Rhd1 Bd6 25. b3 Bf4 26. Bxf4 Qxf4 27. Qc5 a6
28. Qe5 Qg5 29. Qxg5 hxg5 30. Kc1 Kh7 31. R1d2 g6 32. hxg6+ Kxg6 33. Kd1 Rh8
34. Re2 Rh3 35. Kd2 c5 36. c3 cxd4 37. cxd4 Rd5 38. a4 Rh8 39. Re5 Rh2+ 40. Ke3
Rd6 41. Rc5 Rb2 42. a5 Rd7 43. Rdc3 f5 44. Re5 f4+ 45. Kd3 Kf6 46. Rec5 Rf2 47.
Kc4 Rd2 48. Rd3 Rc2+ 49. Rc3 Re2 50. b4 Rd2 51. Rd3 Re2 52. Rc3 Rb2 53. Rd3 Rd6
54. Rc7 b6 55. axb6 Rxb6 56. Rb3 Rd2 57. Rc5 Rd6 58. Rd3 Rb2 59. Kc3 Rb1 60.
Kc4 Ra1 61. Rc3 1-0

[Event "Olimpiada Dresden 2008 Femenina"]
[Site "Dresden GER"]
[Date "2008.11.16"]
[Round "4.14"]
[White "Bakalarz, Grazyna"]
[Black "Gregorova, Zuzana"]
[Result "1/2-1/2"]
[WhiteElo "2001"]
[BlackElo "2163"]
[PlyCount "73"]
[EventDate "2008.11.13"]
[EventType "team-tourn"]
[EventRounds "11"]
[EventCountry "GER"]
[Source "lmi"]
[SourceDate "2008.11.13"]
[WhiteTeam "Luxemburgo"]
[BlackTeam "Eslovaquia"]
[WhiteTeamCountry "LUX"]
[BlackTeamCountry "SVK"]

1. d4 Nf6 2. c4 g6 3. Nc3 d5 4. Bg5 Ne4 5. Bh4 Nxc3 6. bxc3 Bg7 7. e3 c5 8.
cxd5 Qxd5 9. Nf3 cxd4 10. cxd4 Nc6 11. Be2 O-O 12. O-O Bf5 13. Nd2 e5 14. Bf3
Qd6 15. Bg3 Bd3 16. Re1 Qa3 17. Bxc6 bxc6 18. Nb3 Bb5 19. Bxe5 Bxe5 20. dxe5
Rfd8 21. Qc1 Qe7 22. f4 Rac8 23. Nc5 Bd3 24. Qc3 Bf5 25. e4 Be6 26. a4 Rb8 27.
Rf1 Bc8 28. f5 Qg5 29. h4 Qd2 30. Qxd2 Rxd2 31. Rfb1 Rb6 32. Rd1 Rc2 33. Rd8+
Kg7 34. Nd3 Ba6 35. Ne1 Re2 36. f6+ Kh6 37. e6 1/2-1/2

[Event "Olimpiada Dresden 2008 Femenina"]
[Site "Dresden GER"]
[Date "2008.11.16"]
[Round "4.15"]
[White "Leite, Catarina"]
[Black "Sebag, Marie"]
[Result "0-1"]
[WhiteElo "2153"]
[BlackElo "2533"]
[PlyCount "94"]
[EventDate "2008.11.13"]
[EventType "team-tourn"]
[EventRounds "11"]
[EventCountry "GER"]
[Source "lmi"]
[SourceDate "2008.11.13"]
[WhiteTeam "Portugal"]
[BlackTeam "Francia"]
[WhiteTeamCountry "POR"]
[BlackTeamCountry "FRA"]

1. e4 c5 2. Nf3 d6 3. d4 cxd4 4. Nxd4 Nf6 5. Nc3 a6 6. Be2 e6 7. O-O Be7 8. f4
Qc7 9. Bf3 O-O 10. a4 Nc6 11. Be3 Na5 12. Kh1 Nc4 13. Bc1 e5 14. Nf5 Bxf5 15.
exf5 exf4 16. Qd4 Ne3 17. Bxe3 fxe3 18. Qxe3 Rfe8 19. Rad1 Rac8 20. Rfe1 Bf8
21. Qd4 Re5 22. Nd5 Nxd5 23. Rxe5 dxe5 24. Qxd5 Qxc2 25. Qxb7 a5 26. h3 Bb4 27.
Rd7 Rf8 28. f6 gxf6 29. Qc6 Qxc6 30. Bxc6 f5 31. Bd5 e4 32. Kg1 Kg7 33. Kf2 Kf6
34. b3 Rc8 35. Bc4 h5 36. Rxf7+ Ke5 37. Rd7 h4 38. Rd5+ Kf4 39. Rd7 Rc6 40. Rd8
Rg6 41. Rd7 Rg3 42. Rh7 Bc5+ 43. Kf1 Rc3 44. Rxh4+ Ke3 45. g3 Rc1+ 46. Kg2 Rc2+
47. Kf1 Bd6 0-1

[Event "Olimpiada Dresden 2008 Femenina"]
[Site "Dresden GER"]
[Date "2008.11.16"]
[Round "4.15"]
[White "Skripchenko, Almira"]
[Black "Pintor, Ariana"]
[Result "1-0"]
[WhiteElo "2455"]
[BlackElo "2152"]
[PlyCount "41"]
[EventDate "2008.11.13"]
[EventType "team-tourn"]
[EventRounds "11"]
[EventCountry "GER"]
[Source "lmi"]
[SourceDate "2008.11.13"]
[WhiteTeam "Francia"]
[BlackTeam "Portugal"]
[WhiteTeamCountry "FRA"]
[BlackTeamCountry "POR"]

1. e4 c6 2. c4 d5 3. exd5 cxd5 4. cxd5 Nf6 5. Qa4+ Bd7 6. Qb3 Qc8 7. Nc3 g6 8.
Bc4 Bg7 9. Nge2 O-O 10. O-O Bg4 11. Re1 Nbd7 12. Ng3 Nb6 13. d3 Nfd7 14. Be3
Nxc4 15. dxc4 Ne5 16. Bd4 Nxc4 17. Bxg7 Kxg7 18. Rxe7 Qc5 19. Rae1 b6 20. Nb5
Be6 21. R1xe6 1-0

[Event "Olimpiada Dresden 2008 Femenina"]
[Site "Dresden GER"]
[Date "2008.11.16"]
[Round "4.15"]
[White "Baptista, Ana Filipa"]
[Black "Collas, Silvia"]
[Result "1/2-1/2"]
[WhiteElo "2168"]
[BlackElo "2352"]
[PlyCount "74"]
[EventDate "2008.11.13"]
[EventType "team-tourn"]
[EventRounds "11"]
[EventCountry "GER"]
[Source "lmi"]
[SourceDate "2008.11.13"]
[WhiteTeam "Portugal"]
[BlackTeam "Francia"]
[WhiteTeamCountry "POR"]
[BlackTeamCountry "FRA"]

1. e4 e6 2. d4 d5 3. Nc3 Bb4 4. e5 Ne7 5. a3 Bxc3+ 6. bxc3 c5 7. a4 Nbc6 8. Nf3
Bd7 9. Ba3 b6 10. Bd3 Qc7 11. O-O h6 12. Re1 Na5 13. Qd2 Bxa4 14. Bxc5 bxc5 15.
Rxa4 c4 16. Bf1 Rb8 17. h4 Nac6 18. Ra2 Rb5 19. h5 Kd7 20. g4 Rhb8 21. Bh3 Ra5
22. Rxa5 Qxa5 23. Kg2 Qa2 24. g5 hxg5 25. Nxg5 Nd8 26. Qf4 Ke8 27. Re2 Rb1 28.
Nh7 Qa1 29. h6 Ng6 30. Qh2 gxh6 31. Nf6+ Ke7 32. Bg4 a5 33. Bh5 Rh1 34. Qxh1
Nf4+ 35. Kh2 Qxh1+ 36. Kxh1 Nxe2 37. Bxe2 a4 1/2-1/2

[Event "Olimpiada Dresden 2008 Femenina"]
[Site "Dresden GER"]
[Date "2008.11.16"]
[Round "4.15"]
[White "Leconte, Maria"]
[Black "Coimbra, Margarida"]
[Result "1-0"]
[WhiteElo "2349"]
[BlackElo "2105"]
[PlyCount "69"]
[EventDate "2008.11.13"]
[EventType "team-tourn"]
[EventRounds "11"]
[EventCountry "GER"]
[Source "lmi"]
[SourceDate "2008.11.13"]
[WhiteTeam "Francia"]
[BlackTeam "Portugal"]
[WhiteTeamCountry "FRA"]
[BlackTeamCountry "POR"]

1. d4 Nf6 2. c4 g6 3. g3 Bg7 4. Bg2 O-O 5. Nf3 d6 6. O-O Nc6 7. d5 Na5 8. Nfd2
c5 9. Nc3 a6 10. Qc2 Rb8 11. b3 b5 12. Rb1 Bf5 13. e4 Bd7 14. h3 e5 15. Qd3 Nh5
16. cxb5 axb5 17. b4 cxb4 18. Rxb4 Nb7 19. Nxb5 Qb6 20. Nc4 Bxb5 21. Qb1 Qc7
22. Rxb5 Qxc4 23. Rxb7 Rxb7 24. Qxb7 Qxa2 25. Qb6 f5 26. Qxd6 f4 27. g4 f3 28.
Qe6+ Kh8 29. Bxf3 Rxf3 30. gxh5 gxh5 31. Be3 Rf6 32. Qe8+ Rf8 33. Qxh5 Qc2 34.
Qg4 Rg8 35. Rc1 1-0